01320nas a2200349 4500001001300000003000900013005001700022007000300039008003400042040005400076041000900130072000800139100002000147100001500167100002100182100001800203100001600221245011100237246010300348650002000451650002000471650001600491650002400507650001500531650001700546773011500563856006500678909004000743942001800783999001900801952015000820BR2016000738BR-BrBNA20231205130126.0ta230509b bl.|||p| |||| 00| 00por d aBR-BrBNAbporcBiblioteca Nacional de Agricultura a(Pt) aF621 aCosta, J. da L.1 aLima, R.P.1 aSilva, A.L.L. da1 aScheidt, G.N.1 aLemus, E.A.1 aCrescimento inicial de plantas de pinhão manso em função do sombreamento no município de Gurupi-TO1 aInitial growth of plants of physic nut under shading in the Gurupi county, Tocantins State, Brazil aPINHAO DE PURGA aJATROPHA CURCAS aCRESCIMENTO aANALISE COMPARATIVA aILUMINACAO aSOMBREAMENTO0 tJournal of Biotechnology and Biodiversity (Brazil)xISSN 2179-4804g(Nov 2011), v. 2(4) p. 43-47wBR201600073840uhttp://revista.uft.edu.br/index.php/JBB/article/view/213/147 a202311bLúciac55dLúcia Elande 2AGRISn0cANA c247953d247953 002AGRIS4071a41918b41918cPeriódicos Agrícolash(Nov 2011), v. 2(4) p. 43-47l0r2023-11-29t01yCRePortaria Interministerial nº 164/94